Departments of the Napoleonic Kingdom of Italy in 1812 on a Map - Statistics

General Stats
  • This quiz has been taken 19 times
  • The average score is 8 of 24
Answers on the Map
Answers color-coded by a green-red scale on the quiz's map according to % correct below.
 
Answer Stats
Answer % Correct
Adige
80%
Alto Adige
50%
Adriatico
40%
Lower Po
40%
Metauro
40%
Piave
40%
Reno
40%
Rubicone
40%
Tagliamento
40%
Upper Po
40%
Adda
30%
Brenta
30%
Panaro
30%
Tronto
30%
Agogna
20%
Bacchiglione
20%
Crostolo
20%
Lario
20%
Mella
20%
Mincio
20%
Musone
20%
Olona
20%
Passariano
20%
Serio
20%
No matching quizzes found
Score Distribution
Percent of People with Each Score
Percentile by Number Answered
Your Score History
You have not taken this quiz